Evaporation technology: principles, applications, economics

Uloženo v:
Podrobná bibliografie
Hlavní autor: Billet, Reinhard (Autor)
Médium: Kniha
Jazyk:angličtina
Vydáno: Weinheim VCH 1989
Témata:
Tagy: Přidat tag
Žádné tagy, Buďte první, kdo vytvoří štítek k tomuto záznamu!

MARC

LEADER 00000nam a2200000 a 4500
001 UCV7085
003 CL-VaPUC
008 921204e19890000GW |||||||||||||||||eng|d
082 0 4 |a 660.284  |b BIL  |2 21 
100 0 |a Billet, Reinhard  |e author  |9 301095 
245 1 0 |a Evaporation technology: principles, applications, economics 
300 |a 317 p 
942 |c BK 
945 |d 19921204 00:00:00 
260 |a Weinheim  |b VCH  |c 1989 
650 7 |a EVAPORACION  |2 CL-VaPUC  |9 264095 
650 0 |a Tecnología química   |9 263002 
650 7 |a INGENIERIA QUIMICA  |2 CL-VaPUC  |9 8 
583 |a last modification  |c 19921204 00:00:00  |k Rodrigo Vera 
999 |c 212827  |d 212825 
952 |0 0  |1 0  |4 0  |6 660_284000000000000_BIL_1989  |7 0  |8 A  |9 194499  |a BIBING  |b BIBING  |d 2019-11-14  |i 2626721  |o 660.284 BIL 1989  |p 2626721  |r 2025-01-20  |w 2019-11-14  |y BK  |k EIQ